| 000 | 01511cam a2200325 a 4500 | ||
|---|---|---|---|
| 001 | 64098019 | ||
| 003 | OCoLC | ||
| 005 | 20150408114021.0 | ||
| 008 | 060120s2006 enkab b 101 0 eng | ||
| 015 |
_aGBA623372 _2bnb |
||
| 020 | _a184564168X (hbk.) | ||
| 024 | 3 | _a9781845641689 | |
| 035 | _a.b62017792 | ||
| 040 |
_aUKM _cUKM _dBAKER _dC#P |
||
| 049 | _aOSUU | ||
| 050 | 4 |
_aQE38 _b.I58 2006 |
|
| 082 | 0 | 4 |
_a550 _222 |
| 111 | 2 |
_aInternational Conference on Evolution, Monitoring, Simulation, Management and Remediation of the Geological Environment and Landscape _n(2nd : _d2006 : _cRhodes, Greece) _912034 |
|
| 245 | 1 | 0 |
_aGeo-environment and landscape evolution II / _ceditors, J.F. Martín-Duque ... [et al.] |
| 246 | 3 | _aGeo-environment and landscape evolution 2. | |
| 246 | 3 | _aGeo-environment and landscape evolution two. | |
| 260 |
_aSouthampton ; _aBoston : _bWIT, _cc2006. |
||
| 300 |
_a478 p. : _bill., maps ; _c24 cm. |
||
| 440 | 0 |
_aWIT transactions on ecology and the environment, _x1746-448X ; _vv. 89. _912035 |
|
| 500 | _a"This book contains papers presented at the Second International Conference on [Evolution], Monitoring, Simulation, Management, and Remediation of the Geological Environment and Landscape, called Geo-Environment and Landscape Evolution, held in Rhodes, Greece, in June of 2006"--Pref. | ||
| 504 | _aIncludes bibliographical references and index. | ||
| 650 | 0 |
_aEnvironmental geology _vCongresses. _911985 |
|
| 700 | 1 |
_aMartin-Duque, J. F. _911987 |
|
| 942 |
_2ddc _cBOOK |
||
| 999 |
_c22035 _d256535 |
||